| 000 | 00848nam a2200313Ia 4500 | ||
|---|---|---|---|
| 001 | Z_3962 | ||
| 003 | CHAP | ||
| 008 | 220113s2000 xx 000 0 und d | ||
| 010 | _a167023 | ||
| 020 | _a0 85199 437 7 | ||
| 040 | _cCHAP | ||
| 082 | _a636.2085 W45 | ||
| 100 |
_aWhitehead, David C _9141198 |
||
| 245 |
_aNutrient elements in grassland : animal-plant-animal retionchips / _cpor David C Whitehead |
||
| 260 |
_aDevon, U.K : _bCABI, _c2000 |
||
| 300 | _a369 p. | ||
| 503 | _a212061 c.2 fot. | ||
| 650 |
_aElementos menores _936257 |
||
| 650 | _aNutrición animal | ||
| 650 |
_aPastos _xElementos minerales _986023 |
||
| 650 |
_aRumiantes _xNutrición _9100847 |
||
| 650 |
_aSuelos _xElementos minerales _9110356 |
||
| 901 | _a636.2085 W45 | ||
| 902 | _aM | ||
| 910 | _a2000 | ||
| 942 | _c1 | ||
| 942 | _cc1 | ||
| 999 |
_c167023 _d167023 |
||